| 000 | 01449nam a2200349 a 4500 | ||
|---|---|---|---|
| 001 | 000026775 | ||
| 003 | DO-SdBNP | ||
| 005 | 20251204073702.0 | ||
| 008 | 110325s1977 dr r 001 0 spa d | ||
| 040 |
_aDO-SdBNP _bspa _cBNPHU |
||
| 082 | 4 |
_a972.9303 _bM236d, 1977 _222 |
|
| 100 | 1 |
_aMalagón Barceló, Javier _d1911- _951163 |
|
| 245 | 1 | 3 |
_aEl distrito de la audiencia de Santo Domingo en los siglos XV a XIX / _cJavier Malagón Barceló ; prólogo Julio Ortega Frier. |
| 250 | _a2a ed. | ||
| 260 |
_aSantiago, República Dominicana : _bUniversidad Católica Madre y Maestra, _c1977. |
||
| 300 |
_a302 P. ; _c23 cm. |
||
| 490 | 1 | _aEstudios | |
| 500 | _aIncluye índice | ||
| 500 | _aIncluye referencias bibliográficas y notas al pie de las páginas | ||
| 500 | _aIX Cincuentenario del descubrimiento de América | ||
| 590 | _aInventariado, 2019/ VM | ||
| 610 | 1 | 4 |
_aReal Audiencia de Santo Domingo (República Dominicana) _xHistoria _ySiglos XV-XIX _953881 |
| 610 | 1 | 4 |
_aArchivo de la Real Audiencia de Santo Domingo _vCatálogo _953882 |
| 650 | 0 |
_aAdministración de justicia _zAmérica Latina _910083 |
|
| 651 | 4 |
_aRepública Dominicana _xHistoria _9170 |
|
| 651 | 4 |
_aEspaña _xColonias _xAdministración _934070 |
|
| 700 | 1 |
_aOrtega Frier,Julio _epról. _938209 |
|
| 710 | 2 |
_aPontificia Universidad Católica Madre y Maestra _9843 |
|
| 830 | 0 |
_aEstudios _93854 |
|
| 910 | _aValidado. Control de calidad MFF | ||
| 942 |
_2ddc _cLBS1 |
||
| 999 |
_c26267 _d26267 |
||